[Event "It (open)"]
[Site "La Fere (France)"]
[Date "2007.07.12"]
[Round "8"]
[White "Gozzoli Yannick (FRA)"]
[Black "Lazic Miroljub (SRB)"]
[Result "1-0"]
[WhiteElo "2486"]
[BlackElo "2493"]

1.d4 d6 2.c4 e5 3.d5 f5 4.e4 fxe4 5.Nc3 Bf5 6.Nge2 Nf6 7.Ng3 Bg6 8.Bg5 Be7
9.Bxf6 gxf6 10.h4 h6 11.Be2 O-O 12.Bh5 Bh7 13.Qg4+ Kh8 14.Bg6 Rg8 15.h5 Nd7
16.Nf5 Bf8 17.Nxe4 b5 18.cxb5 a6 19.Nh4 axb5 20.Qf5 Rg7 21.Bxh7 Rxh7 22.Ng6+
Kg8 23.Rh3 Rf7 24.Rb3 Nc5 25.Rg3 Bg7 26.Nxc5 dxc5 27.Qe6 Rb8 28.Nh8 {#r} 1-0

[Event "It (open)"]
[Site "Senta (Serbia)"]
[Date "2007.07.22"]
[Round "2"]
[White "Colovic Dusan (SRB)"]
[Black "Kolar Srecko (SLO)"]
[Result "1-0"]
[WhiteElo "2361"]
[BlackElo "2146"]

1.d4 d6 2.Bf4 g6 3.Nc3 Bg7 4.e4 Nc6 5.Bb5 Bd7 6.Nge2 e5 7.Be3 Nf6 8.f3 O-O
9.Bxc6 Bxc6 10.d5 Bd7 11.Qd2 b5 12.h4 h5 13.Bg5 Qb8 14.Nd1 Nh7 15.Bh6 f5
16.exf5 gxf5 17.Bxg7 Kxg7 18.Nf2 Qb6 19.Nh3 f4 20.O-O-O Nf6 21.Ng5 Rae8 22.g3
fxg3 23.Nxg3 Re7 24.Rhg1 Kh8 25.Nxh5 Ng8 26.Ne4 Rh7 27.Qg5 Qb8 28.Nhf6 {#r}
1-0

[Event "Ch France (seniors)"]
[Site "Aix les Bains (France)"]
[Round "4"]
[White "Birens Eric-Andre (FRA)"]
[Black "Goldenberg Richard (FRA)"]
[Result "0-1"]
[WhiteElo "2040"]
[BlackElo "2341"]

1.d4 d6 2.c4 e5 3.d5 f5 4.e4 fxe4 5.Nc3 Bf5 6.Nge2 Bg6 7.Ng3 Nf6 8.Bg5 Be7
9.Bxf6 gxf6 10.Ngxe4 f5 11.Ng3 Nd7 12.Be2 O-O 13.Bh5 e4 14.Bxg6 hxg6 15.f3
exf3 16.gxf3 Ne5 17.O-O Bf6 18.Kh1 Bg7 19.Qe2 Qh4 20.Nb5 Rf7 21.Na3 Re7
22.Rac1 Rae8 23.Qg2 Nd3 24.Rb1 Kf8 25.Qc2 Be5 26.Rg1 Bxg3 {#R} 0-1

[Event "It (open)"]
[Site "Tibor (Czech Republic)"]
[Date "2007.08.03"]
[Round "7"]
[White "Borisova Elizaveta (RUS)"]
[Black "Hausner Ivan (CZE)"]
[Result "0-1"]
[WhiteElo "2266"]
[BlackElo "2396"]

1.d4 d6 2.c4 e5 3.Nf3 exd4 4.Nxd4 g6 5.g3 Bg7 6.Bg2 Ne7 7.O-O O-O 8.Nc3 Nd7
9.Rb1 a6 10.Nd5 c6 11.Nxe7+ Qxe7 12.b3 Re8 13.Bb2 a5 14.Qd2 a4 15.Nf3 axb3
16.axb3 Ra2 17.e3 Nc5 18.Nd4 h5 19.Ra1 Nxb3 20.Nxb3 Rxb2 21.Qb4 Bg4 {#R} 0-1

[Event "It "]
[Site "Kuala Lumpur (Malaysia)"]
[Date "2007.08.21"]
[Round "4"]
[White "Li Ruofan (SIN)"]
[Black "Mas Hafizulhelmi (MAS)"]
[Result "1-0"]
[WhiteElo "2417"]
[BlackElo "2372"]

1.d4 d6 2.Nf3 Bg4 3.e4 Nd7 4.h3 Bh5 5.Nc3 e6 6.Qe2 a6 7.g4 Bg6 8.h4 h5 9.g5 c5
10.Bh3 Qc7 11.Be3 O-O-O 12.O-O-O Kb8 13.Nd2 Ne7 14.f4 cxd4 15.Bxd4 e5 16.fxe5
dxe5 17.Bf2 Nc5 18.Nc4 Rxd1+ 19.Rxd1 Ne6 20.Bxe6 fxe6 21.Bb6 Qc6 22.Nxe5 {#r}
1-0

[Event "Tournament (open)"]
[Site "Schalksmuehle (Germany)"]
[Date "2007.08.26"]
[Round "4"]
[White "Lueck Kai (GER)"]
[Black "Hartig Frank (GER)"]
[Result "0-1"]
[WhiteElo "2162"]
[BlackElo "2051"]

1.d4 d6 2.c4 e5 3.d5 f5 4.Nc3 Nf6 5.g3 g6 6.Bg2 Bg7 7.Bg5 h6 8.Bxf6 Qxf6 9.e3
O-O 10.Nge2 f4 11.gxf4 exf4 12.Nxf4 g5 13.Nd3 Bf5 14.O-O Nd7 15.Rc1 Rae8
16.Nb5 Qg6 17.Ne1 Bxb2 18.Nxc7 Re7 19.Ne6 Rc8 20.Nd4 Bxc1 21.Nxf5 Qxf5 22.Qxc1
Ne5 23.Qd1 Rxc4 24.Nf3 Nxf3+ 25.Bxf3 Rh4 26.Bg2 Qe5 {#R} 0-1

[Event "Ch Poland (team) (extraliga)"]
[Site "Ustron (Poland)"]
[Date "2007.09.04"]
[Round "4"]
[White "Sopur Lech (POL)"]
[Black "Czerwonski Aleksander (POL)"]
[Result "0-1"]
[WhiteElo "2438"]
[BlackElo "2379"]

1.d4 d6 2.Bg5 c5 3.d5 g6 4.c4 Bg7 5.Nc3 Bxc3+ 6.bxc3 Qa5 7.e4 f5 8.exf5 Bxf5
9.Qd2 Nd7 10.f3 Ngf6 11.g4 Nxg4 12.fxg4 Be4 13.Nf3 Bxf3 14.Rg1 O-O 15.Rc1 Rae8
16.Qe3 Ne5 17.Kd2 Qxa2+ 18.Rc2 Nxc4+ 19.Bxc4 Qxc4 20.Kc1 Bxd5 21.Re1 Rf3
22.Qd2 Rd3 23.Qe2 Rxc3 24.Qxc4 Rxc4 25.Rxc4 Bxc4 26.Rxe7 Rxe7 27.Bxe7 Be2
28.g5 {#R} 0-1

[Event "Ch World (seniors)"]
[Site "Gmunden (Austria)"]
[Date "2007.09.17"]
[Round "1"]
[White "Profaizer Gino (ITA)"]
[Black "Tseshkovsky Vitaly (RUS)"]
[Result "0-1"]
[WhiteElo "2073"]
[BlackElo "2507"]

1.d4 d6 2.c4 e5 3.d5 f5 4.Nc3 Nf6 5.Bg5 Be7 6.e3 Nxd5 7.Nxd5 Bxg5 8.h4 Be7
9.Nf3 c6 10.Nc3 Nd7 11.Qc2 Nf6 12.O-O-O Qa5 13.Nd2 O-O 14.Nb3 Qc7 15.h5 Be6
16.Kb1 Rac8 17.f3 d5 18.c5 Nd7 19.Ne2 a5 {#R} 0-1

[Event "It (open) "]
[Site "Krasnodar (Russia)"]
[Date "2007.09.27"]
[Round "7"]
[White "Kiriushin Vladimir (RUS)"]
[Black "Khagurov Nukh (RUS)"]
[Result "0-1"]
[WhiteElo "2204"]
[BlackElo "2228"]

1.d4 d6 2.c4 e5 3.dxe5 Nc6 4.Nf3 Bg4 5.Qb3 Qd7 6.Na3 dxe5 7.Bd2 e4 8.Ng5 O-O-O
9.Bc3 Qf5 10.h4 e3 11.fxe3 Nf6 12.Nxf7 Rd7 13.Ng5 Bc5 14.Nc2 Rhd8 15.Nf3 Ne4
16.Bd4 Bxd4 17.Ncxd4 Nxd4 18.exd4 Qa5+ {#R} 0-1

[Event "Ch Croatia (team) (1st league)"]
[Site "Sibenik (Croatia)"]
[Date "2007.09.27"]
[Round "3"]
[White "Bilobrk Franjo (CRO)"]
[Black "Medak Bojan (CRO)"]
[Result "1-0"]
[WhiteElo "2381"]
[BlackElo "2374"]

1.d4 d6 2.Nf3 Bg4 3.c4 Bxf3 4.exf3 c6 5.Nc3 g6 6.Be3 Bg7 7.Be2 Nh6 8.g4 e6
9.Qd2 Ng8 10.d5 exd5 11.cxd5 Nf6 12.dxc6 bxc6 13.O-O-O d5 14.Bc5 Nfd7 15.Qe3+
Be5 16.f4 f6 17.fxe5 fxe5 18.f4 Nxc5 19.Qxc5 exf4 20.Bc4 Qb6 21.Rhe1+ Kd8
22.Qe7+ Kc8 23.Nxd5 cxd5 24.Bxd5 Nc6 25.Bxc6 Qxc6+ 26.Kb1 {#r} 1-0

[Event "Ch Bulgaria (team) (w)"]
[Site "Sunny Beach (Bulgaria)"]
[Date "2007.09.29"]
[Round "1"]
[White "Raeva Elitsa (BUL)"]
[Black "Bednikova Stefi (BUL)"]
[Result "1-0"]
[WhiteElo "2242"]
[BlackElo "2086"]

1.d4 d6 2.Nf3 Bg4 3.c3 Bxf3 4.exf3 e5 5.Bc4 d5 6.Bb3 exd4 7.Qxd4 Nf6 8.Bg5 c6
9.O-O Nbd7 10.c4 Be7 11.cxd5 cxd5 12.Bxf6 Nxf6 13.Ba4+ Kf8 14.Nc3 Qa5 15.Bb3
Rd8 16.Rad1 Bc5 17.Qf4 Qb4 18.Qf5 Be7 19.Nxd5 Nxd5 20.Rxd5 f6 21.Qe6 Rxd5
22.Bxd5 Ke8 23.Rc1 Qd6 24.Rc8+ Qd8 25.Rxd8+ Kxd8 26.Bxb7 {#r} 1-0

[Event "Ch World (juniors) (under 20) (g)"]
[Site "Yerevan (Armenia)"]
[Date "2007.10.05"]
[Round "3"]
[White "Bolon Karelle (FRA)"]
[Black "Vega Gutierrez Sabrina (ESP)"]
[Result "0-1"]
[WhiteElo "2103"]
[BlackElo "2331"]

1.d4 d6 2.Bf4 Nf6 3.Nf3 g6 4.h3 Bg7 5.Nc3 Nbd7 6.Qd2 c5 7.d5 b5 8.Ng5 Nb6 9.e4
b4 10.Nd1 h6 11.Nf3 Nxe4 12.Qe3 Nf6 13.Bh2 Nfxd5 14.Qd2 O-O 15.Be2 Bb7 16.h4
Qd7 17.h5 g5 18.Bg3 f5 {#R} 0-1

[Event "Tournament (Elo)"]
[Site "Perm (Russia)"]
[Date "2007.10.06"]
[Round "4"]
[White "Shinkevich Vitaly (RUS)"]
[Black "Ovchinnikov Alexey (RUS)"]
[Result "1-0"]
[WhiteElo "2504"]
[BlackElo "2158"]

1.d4 d6 2.c4 e6 3.Nc3 Ne7 4.Nf3 Nd7 5.e4 g6 6.Bg5 Bg7 7.Qd2 O-O 8.O-O-O c5
9.d5 e5 10.h4 f6 11.Bh6 Rf7 12.Bxg7 Rxg7 13.h5 g5 14.h6 Rg6 15.Be2 Rb8 16.Ne1
g4 17.f3 g3 18.Nd3 Nf8 19.f4 exf4 20.Nxf4 Rg5 21.Nh5 Neg6 22.Rdf1 Nd7 23.Nxf6+
{#r} 1-0

[Event "It (open)"]
[Site "Goch (Germany)"]
[Date "2007.10.07"]
[Round "6"]
[White "Schorr Joerg (GER)"]
[Black "Hoellmann Ludger (GER)"]
[Result "0-1"]
[WhiteElo "2007"]
[BlackElo "2203"]

1.d4 d6 2.c4 e5 3.g3 exd4 4.Qxd4 Nc6 5.Qd2 Be6 6.b3 Nf6 7.Bg2 d5 8.Ba3 Bxa3
9.Nxa3 Qe7 10.Nc2 Rd8 11.cxd5 Nxd5 12.Nf3 Ndb4 13.Qc1 Bxb3 14.axb3 Nd3+ 15.Kf1
Nxc1 16.Rxc1 O-O {#R} 0-1

[Event "It (open)"]
[Site "Calvia (Spain)"]
[Date "2007.10.19"]
[Round "5"]
[White "Aroven Mikael (SWE)"]
[Black "Karlsson Lars (SWE)"]
[Result "0-1"]
[WhiteElo "2201"]
[BlackElo "2485"]

1.d4 d6 2.g3 g6 3.Bg2 Bg7 4.Nf3 Nc6 5.c4 e5 6.dxe5 dxe5 7.Qxd8+ Nxd8 8.Nc3 c6
9.Ne4 Ne6 10.Be3 Ke7 11.Rc1 Nh6 12.b3 f5 13.Neg5 e4 14.Nh4 Ng4 15.Nxe6 Kxe6
16.Bh3 Nxe3 17.fxe3 Ke5 18.O-O {#R} 0-1

[Event "Ch Romania (team)"]
[Site "Predeal (Romania)"]
[Date "2007.10.21"]
[Round "9"]
[White "Filip Lucian (ROM)"]
[Black "Badea Bela (ROM)"]
[Result "0-1"]
[WhiteElo "2432"]
[BlackElo "2493"]

1.d4 d6 2.Nf3 g6 3.c4 Bg7 4.e4 c5 5.d5 e5 6.h4 h6 7.h5 g5 8.Nh2 f5 9.exf5 Bxf5
10.Nc3 Nf6 11.Be2 O-O 12.Nf1 e4 13.Ng3 Bh7 14.O-O Nbd7 15.Re1 Ne5 16.Bf1 Nd3
17.Bxd3 exd3 18.Re6 Qd7 19.f4 gxf4 20.Bxf4 Nxd5 21.Rxd6 Bd4+ 22.Kh2 Rxf4 {#R}
0-1

[Event "Ch City (open)"]
[Site "Elets (Russia)"]
[Date "2007.10.28"]
[Round "8"]
[White "Bolgov Alexander (RUS)"]
[Black "Afanasiev Juri (RUS)"]
[Result "0-1"]
[WhiteElo "2097"]
[BlackElo "2036"]

1.d4 d6 2.Nf3 f5 3.Nc3 g6 4.e4 Bg7 5.Bc4 fxe4 6.Ng5 Nh6 7.Be6 Nc6 8.Nd5 Nxd4
9.Bxc8 Rxc8 10.c3 c6 11.cxd4 Qa5+ 12.Bd2 Qxd5 13.Qa4 b5 14.Qb3 Kd7 15.O-O Nf5
16.Qb4 a5 17.Qc3 h6 18.Nh3 Nxd4 19.Kh1 g5 20.Rac1 Rhf8 21.Qe3 Nf5 22.Qb3 Qxd2
{#R} 0-1

[Event "It "]
[Site "Kharkov (Ukraine)"]
[Date "2007.10.28"]
[Round "10"]
[White "Grapsa Georgia (GRE)"]
[Black "Vozovic Oksana (UKR)"]
[Result "0-1"]
[WhiteElo "2106"]
[BlackElo "2355"]

1.d4 d6 2.g3 g6 3.Bg2 Bg7 4.e4 e5 5.c3 Nd7 6.Ne2 Ngf6 7.O-O O-O 8.b3 Re8 9.d5
a5 10.b4 Qe7 11.Nd2 Nh5 12.Nc4 b6 13.bxa5 bxa5 14.Ne3 Rf8 15.Bf3 Nc5 16.c4 Bh3
17.Re1 f5 18.Nxf5 gxf5 19.Bxh5 Nxe4 20.Rb1 Qf6 21.f3 Nxg3 22.Nxg3 Qh4 23.Kf2
f4 24.Rg1 Rf5 {#R} 0-1

[Event "Czech League 2007/08 (2nd) (d)"]
[Site "Czech Republic"]
[Date "2007.11.18"]
[Round "3"]
[White "Varejcko Josef (CZE)"]
[Black "Tikovsky Alexander (CZE)"]
[Result "1-0"]
[WhiteElo "2239"]
[BlackElo "2239"]

1.d4 d6 2.g3 g6 3.Bg2 Bg7 4.Nf3 Nd7 5.O-O e5 6.Nc3 Ngf6 7.dxe5 dxe5 8.Nd5 O-O
9.Nxf6+ Qxf6 10.Be3 e4 11.Nd4 Ne5 12.c3 Nc4 13.Bf4 Qe7 14.Qb3 Nb6 15.Nb5 Be5
16.Bh6 Bg7 17.Bxg7 Kxg7 18.c4 Bg4 19.Qe3 Kg8 20.b3 Bf5 21.Qf4 Rad8 22.Nxc7
{#r} 1-0

[Event "Ch France (team) (nat.1) 2007/08"]
[Site "France"]
[Date "2007.12.16"]
[Round "5"]
[White "Komarov Dimitri (UKR)"]
[Black "Carlier Bruno (NED)"]
[Result "1-0"]
[WhiteElo "2533"]
[BlackElo "2398"]

{ Komarov Dimitri (UKR) +2 =5 -0 Carlier Bruno (NED) +2 =4 -5 } 1.d4 d6 2.Nf3
( 2.Bg5 c5 3.dxc5 Qa5+ 4.Nc3 Qxc5 5.Qd2 h6 6.Bf4 Nf6 7.e4 a6 8.O-O-O e5 9.Be3
Qc7 10.f4 Nbd7 11.Nf3 Be7 12.Nd5 Nxd5 13.exd5 e4 14.Nd4 Nf6 15.Kb1 b5 16.c4
bxc4 17.Rc1 Nxd5 18.Bxc4 Qb7 19.Nf5 Nxe3 20.Nxe3 Rb8 21.Bd5 Qa7 { ...1-0,
Komarov Dimitri 2475 - Sakaev Konstantin 2495 , Kherson 1991 Ch URS (young
masters) } ) 2...g6 ( 2...Bg4 3.e4 Nf6 4.Nc3 e6 5.Be3 Be7 6.Be2 O-O 7.O-O c6
8.Ne1 Bxe2 9.Qxe2 d5 10.e5 Nfd7 11.Nd3 c5 12.Qg4 Kh8 13.Ne2 cxd4 14.Nxd4 Nc6
15.f4 Nxd4 16.Bxd4 f5 17.exf6 Bxf6 18.Ne5 Bxe5 19.fxe5 Qe7 20.c3 a6 21.b4 Kg8
22.h4 { ...1/2-1/2, Laplanche Denis 2149 - Carlier Bruno 2409 , France 18.
1.2004 Ch France (team) (2) 2003/04 } ) 3.c4 Bg7 4.Nc3 { ?/= } 4...c5 (
4...Nf6 5.e4 O-O 6.Be2 e5 7.dxe5 dxe5 8.Qxd8 Rxd8 9.Bg5 Re8 10.Nd5 Nxd5
11.cxd5 c6 12.Bc4 b5 13.Bb3 Bb7 14.Rc1 a5 15.a4 bxa4 16.Bxa4 Rc8 17.d6 f6
18.Bb3+ Kf8 19.Be3 Nd7 20.h4 c5 21.Be6 Rd8 22.Nd2 Ra6 23.Bxd7 Rxd7 24.h5 {
...1/2-1/2, Vallejo Pons Francisco 2660 - Morozevich Alexander 2755 , Monte
Carlo 27. 3.2007 It "Amber" (blindfold) } ) ( 4...Nd7 5.g3 e5 6.Bg2 Ne7 7.O-O
O-O 8.e4 exd4 9.Nxd4 Nc6 10.Nxc6 bxc6 11.Qc2 Ne5 12.c5 Rb8 13.f4 Nc4 14.Rd1 d5
15.b3 Qe7 16.bxc4 Qxc5+ 17.Kh1 Qxc4 18.e5 d4 19.Qe4 Qxc3 20.Bd2 Qb2 21.Qe1 Qa3
22.Rdc1 c5 23.Rab1 Be6 24.Ba5 { ...0-1, Borges Mateos Juan 2456 - Nisipeanu
Liviu-Dieter 2707 , Barcelona 3. 9.2005 It "Sants open" } ) ( 4...Bg4 5.e3 Nf6
6.Be2 O-O 7.O-O Re8 8.Qb3 Qc8 9.h3 Bf5 10.Ng5 h6 11.e4 Bd7 12.Nf3 c5 13.d5 e6
14.Re1 exd5 15.exd5 g5 16.Bd2 Na6 17.Nh2 Bf5 18.Nb5 Ne4 19.Bc3 Nxc3 20.bxc3
Qd8 21.Bg4 Rxe1+ 22.Rxe1 Bg6 23.Nf1 Nc7 24.Nxc7 { ...1/2-1/2, Kozul Zdenko
2609 - Mamedyarov Shakhriyar 2752 , Khanty Mansyisk 28.11.2007 Cup World } ) (
4...e5 5.dxe5 dxe5 6.Qxd8+ Kxd8 7.Bd2 Be6 8.O-O-O Nd7 9.Ng5 Bxc4 10.e4 Bxf1
11.Rhxf1 Nh6 12.f4 c6 13.f5 Ke7 14.h3 b6 15.g4 Rac8 16.Kb1 Nf8 17.b4 f6 18.b5
Nf7 19.bxc6 Nxg5 20.Bxg5 Rxc6 21.Nd5+ Ke8 22.fxg6 Nd7 23.Rc1 Rxc1+ 24.Rxc1 {
...1/2-1/2, Nielsen Peter Heine 2646 - Nisipeanu Liviu-Dieter 2707 , Goteborg
1. 8.2005 Ch Europe (team) } ) ( 4...c6 5.e4 Bg4 6.Be3 Nd7 7.Be2 Bxf3 8.Bxf3
Ngf6 9.O-O O-O 10.g3 e5 11.Bg2 exd4 12.Bxd4 c5 13.Be3 Ne5 14.Qb3 Qb6 15.Rfd1
h6 16.h3 Rfd8 17.f4 Nc6 18.Qxb6 axb6 19.Nb5 Ne8 20.Rd2 Ra4 21.Rad1 Rda8 22.a3
Na5 23.Bf1 Nxc4 24.Bxc4 { ...1/2-1/2, Kacheishvili Giorgi 2581 - Janev Evgeni
2460 , Istanbul 6. 9.2006 It (open) } ) ( 4...f5 5.g3 Nh6 6.Bg2 O-O 7.h4 Nf7
8.d5 h6 9.Nd4 Ne5 10.O-O Nxc4 11.e4 Ne5 12.f4 Ng4 13.exf5 gxf5 14.Ne6 Bxe6
15.dxe6 c6 16.Qe2 Na6 17.Kh1 Nc5 18.Bd2 Rf6 19.b4 Nxe6 20.b5 d5 21.bxc6 bxc6
22.Rab1 Rb8 23.Rxb8 Qxb8 24.Re1 { ...0-1, Nielsen Peter Heine 2620 -
Nikolaidis Georgios, Panormo 2002 Ch Europe (blitz) } ) 5.e3 Na6 6.Be2 Nf6
7.O-O O-O ( 7...Qb6 { +0.07 CAP } ) 8.b3 b6 9.Bb2 Bb7 ( 9...e6 10.Rc1 Qe7
11.Rc2 Bb7 12.Rd2 cxd4 13.Nxd4 Nc5 14.Bf3 d5 15.cxd5 exd5 16.Qa1 Nfe4 17.Nxe4
dxe4 18.Be2 Qg5 19.Rfd1 h5 20.Bc4 h4 21.h3 Rae8 22.Bc3 Nd3 23.Ne2 Ne5 24.Kh1
Qf5 25.Nd4 Qc8 26.Nb5 Qb8 27.Nd6 Re7 28.Nxb7 Qxb7 29.Bd5 { ...0-1, Simon
Ralf-Axel 2193 - Paulsen Dirk 2355 , Zurich 1997 It (open) (b) } ) ( 9...Nc7
10.Qd2 Bb7 11.Rfd1 Qe8 12.a4 a6 13.a5 b5 14.dxc5 dxc5 15.Ne5 b4 16.Na4 Ne6
17.Bf3 Bxf3 18.Nxf3 Rd8 19.Qc2 Qc6 20.Ne5 Qc7 21.Nb6 Rxd1+ 22.Rxd1 Rd8
23.Rxd8+ Nxd8 24.Qd3 Nb7 25.Na4 Qd6 26.h3 Qxd3 27.Nxd3 Nd7 28.Bxg7 Kxg7 29.f4
{ ...0-1, Magerramov Elmar 2524 - Kunte Abhijit 2550 , Abudhabi 2003 It (open)
} ) 10.Qd2 ( 10.Rc1 Nc7 11.Re1 e6 12.Qd3 Qe7 13.Qb1 Nh5 14.Rcd1 f5 15.Rd2 Rad8
16.dxc5 bxc5 17.Red1 g5 18.Ne1 g4 19.Bf1 f4 20.exf4 Nxf4 21.Ne2 Bh6 22.Ng3 Ng6
23.Re2 Nf4 24.Red2 Qf7 25.Qc2 Ne8 26.Nd3 Nxd3 27.Rxd3 e5 28.Bxe5 Bg5 29.Bb2 h5
{ ...1-0, Lobron Eric 2495 - Bastian Herbert 2385 , Bad Neuenahr 1984 Ch
Germany } ) ( 10.d5 Nc7 11.Qc2 e5 12.Nd2 Bc8 13.Rae1 Ng4 14.Nd1 Qh4 15.h3 Nh6
16.e4 f5 17.exf5 Bxf5 18.Qc3 Rf7 19.g4 e4 20.Qg3 Qxg3+ 21.fxg3 e3 22.Nf3 Bxb2
23.Nxb2 Bd7 24.Bd3 Re8 25.Nd1 Rfe7 26.Nc3 Nf7 27.Re2 Kg7 28.Rfe1 Ne5 29.Nxe5
Rxe5 { ...1-0, Splosnov Sergei 2384 - Sikora Jan 2174 , Trinec 2002 It (open)
} ) 10...e6 ( 10...Nc7 11.Rfd1 Qe8 12.a4 a6 13.a5 b5 14.dxc5 dxc5 15.Ne5 b4
16.Na4 Ne6 17.Bf3 Bxf3 18.Nxf3 Rd8 19.Qc2 Qc6 20.Ne5 Qc7 21.Nb6 Rxd1+ 22.Rxd1
Rd8 23.Rxd8+ Nxd8 24.Qd3 Nb7 25.Na4 Qd6 26.h3 Qxd3 27.Nxd3 Nd7 28.Bxg7 Kxg7
29.f4 Kf6 30.e4 { ...0-1, Magerramov Elmar 2524 - Kunte Abhijit 2550 ,
Abudhabi 2003 It (open) } ) 11.Rad1 { N } ( 11.Rfd1 Qe7 12.a4 Rfd8 13.a5 e5
14.d5 Nc7 15.Ne1 b5 16.a6 Bxa6 17.cxb5 Bb7 18.Bc4 Nd7 19.e4 f5 20.Ra5 Nb6
21.Rda1 a6 22.bxa6 Nxc4 23.bxc4 Rxa6 24.Bc1 Rda8 25.Rxa6 Bxa6 26.Ra4 Rb8
27.Nd3 Rb6 28.f3 Bf6 29.Nd1 fxe4 30.fxe4 Qd7 { ...1-0, Frey Kenneth 2390 -
Liao Yuan Eu 2390 , Dubai 1986 } ) ( 11.d5 exd5 12.cxd5 Qe7 13.Bc4 Nc7 14.Rab1
Ne4 15.Nxe4 Qxe4 16.Bxg7 Kxg7 17.Qb2+ Kg8 18.Nd2 Qe7 19.e4 f5 20.f3 Qf6
21.Qxf6 Rxf6 22.Rbe1 b5 23.Bd3 f4 24.Rc1 Re8 25.Rfe1 a6 26.a4 Rff8 27.Nb1 Bc8
28.e5 bxa4 29.exd6 Rxe1+ 30.Rxe1 Re8 { ...0-1, Netz Siegfried 2041 - Koch
Herbert 1984 , Germany 2000 Ch Germany (seniors) (team) } ) 11...Qe7 { +0.00
CAP } 12.Qc1 e5 13.dxe5 dxe5 14.Qa1 e4 15.Nd2 Rad8 16.a3 Nc7 17.Nb5 Nxb5
18.cxb5 Ne8 19.Nc4 Bxb2 20.Qxb2 Nc7 21.a4 Qe6 22.Qe5 Qxe5 23.Nxe5 Rfe8 24.Bc4
Bc8 { ? } ( 24...Bd5 25.Nc6 Bxc6 26.bxc6 Kg7 27.f3 exf3 28.gxf3 Kf6 29.Kf2 a6
30.e4 b5 31.Bd5 { } ) 25.Nc6 Rxd1 26.Rxd1 { } {#r} 1-0

[Event "It (open) (masters)"]
[Site "Singapore"]
[Date "2007.12.18"]
[Round "3"]
[White "Paciencia Enrique (SIN)"]
[Black "Azmaiparashvili Zurab (GEO)"]
[Result "0-1"]
[WhiteElo "2431"]
[BlackElo "2606"]

1.d4 d6 2.Nf3 g6 3.c4 Bg7 4.e4 Bg4 5.Be3 c5 6.Nc3 Bxf3 7.gxf3 cxd4 8.Bxd4 Nf6
9.Qd2 Nc6 10.Be3 Ne5 11.Be2 Qc8 12.Nd5 Nxd5 13.cxd5 O-O 14.O-O Qh3 15.Qd1 f5
16.exf5 Rxf5 17.f4 g5 18.fxg5 Nf3+ 19.Bxf3 Be5 {#R} 0-1

[Event "Cup Rilton"]
[Site "Stockholm (Sweden)"]
[Date "2007.12.27"]
[Round "1"]
[White "Wojtaszek Radoslaw (POL)"]
[Black "Dede Erno (HUN)"]
[Result "1-0"]
[WhiteElo "2635"]
[BlackElo "2275"]

1.d4 d6 2.Nf3 Bg4 3.c4 Nd7 4.Qb3 Rb8 5.h3 Bh5 6.g4 Bg6 7.Nc3 c6 8.Bf4 Qb6
9.Bg2 Ngf6 10.O-O Qxb3 11.axb3 Ra8 12.b4 Nb6 13.b5 Kd7 14.bxc6+ bxc6 15.Ra6
Ne8 16.Rfa1 Nc7 17.Rxa7 Rxa7 18.Rxa7 Nxc4 19.d5 e5 20.dxe6+ fxe6 21.Nd4 e5
22.Bxc6+ Kc8 23.Ncb5 {#r} 1-0

[Event "It (cat.2)"]
[Site "Elista (Russia)"]
[Date "2008.01.04"]
[Round "3"]
[White "Blednov Stanislav (UKR)"]
[Black "Pilavov G (UKR)"]
[Result "0-1"]
[WhiteElo "2250"]
[BlackElo "2624"]

1.d4 d6 2.Nf3 g6 3.c4 Bg7 4.e4 Bg4 5.Be3 c5 6.Nc3 Bxf3 7.gxf3 cxd4 8.Bxd4 Nf6
9.Qd2 Nc6 10.Be3 Ne5 11.Be2 Qc8 12.Nd5 Nxd5 13.cxd5 O-O 14.O-O Qh3 15.Qd1 f5
16.exf5 Rxf5 17.f4 g5 18.fxg5 Nf3+ 19.Bxf3 Be5 20.Re1 Bxh2+ 21.Kh1 Be5+ 22.Kg1
Rxg5+ {#R} 0-1

[Event "Ch Lithuania (team) (1 league)"]
[Site "Lithuania"]
[Date "2008.01.20"]
[Round "6"]
[White "Maciokas Kostas (LTU)"]
[Black "Slapikas Vytautas (LTU)"]
[Result "0-1"]
[WhiteElo "2080"]
[BlackElo "2357"]

1.d4 d6 2.c4 e5 3.d5 f5 4.Nc3 Nf6 5.Qc2 g6 6.g3 Bg7 7.Bg2 O-O 8.e4 Na6 9.f3 c6
10.Be3 fxe4 11.fxe4 Ng4 12.Qd2 Nb4 13.Rc1 Nxe3 14.Qxe3 Qb6 15.Qxb6 axb6 16.Ke2
Bh6 17.Ra1 Nc2 18.Rf1 Bg4+ 19.Rf3 Rf7 20.h3 Nd4+ 21.Kf2 Bxf3 22.Nxf3 Nxf3
23.Bxf3 Raf8 {#R} 0-1

[Event "It (open)"]
[Site "Cappelle la Grande (France)"]
[Date "2008.02.18"]
[Round "4"]
[White "Czerwonski Aleksander (POL)"]
[Black "Paleologu Vladimir (SUI)"]
[Result "1-0"]
[WhiteElo "2391"]
[BlackElo "2200"]

1.d4 d6 2.c4 g6 3.e4 e5 4.dxe5 dxe5 5.Qxd8+ Kxd8 6.f4 exf4 7.Bxf4 Bg7 8.Nc3
Bxc3+ 9.bxc3 Na6 10.O-O-O+ Ke7 11.Nf3 Bd7 12.c5 Nxc5 13.Bxc7 Nxe4 14.Bc4 Rc8
15.Rhe1 Rxc7 16.Rxe4+ Be6 17.Bxe6 fxe6 18.Nd4 Rxc3+ 19.Kb2 Rc8 20.Rxe6+ Kf7
21.Rf1+ Kg7 22.Rd6 Ne7 23.Ne6+ Kh6 24.Rd3 g5 25.Rf6+ Kh5 26.Rh3+ Kg4 27.Rg3+
{#r} 1-0